<?xml version="1.0" encoding="utf-8"?>
<?xml-stylesheet type='text/xsl' href='./oai2.xsl'?>
<OAI-PMH xmlns="http://www.openarchives.org/OAI/2.0/" xmlns:xsi="http://www.w3.org/2001/XMLSchema-instance" xsi:schemaLocation="http://www.openarchives.org/OAI/2.0/ http://www.openarchives.org/OAI/2.0/OAI-PMH.xsd">
  <responseDate>2026-06-06T16:02:15Z</responseDate>
  <request verb="GetRecord" metadataPrefix="marcxml" identifier="record_kuniweb_590534">https://kulturerbe.niedersachsen.de/oai</request>
  <GetRecord>
    <record>
      <header>
        <identifier>record_kuniweb_590534</identifier>
        <datestamp>2025-08-28T09:38:22Z</datestamp>
        <setSpec>slg0138</setSpec>
      </header>
      <metadata>
        <marc:record xmlns:marc="http://www.loc.gov/MARC21/slim" xsi:schemaLocation="http://www.loc.gov/MARC21/slim http://www.loc.gov/standards/marcxml/schema/MARC21slim.xsd">
          <marc:leader>12345nkm  22     uu 4500</marc:leader>
          <marc:controlfield tag="001">590534</marc:controlfield>
          <marc:controlfield tag="003">http://kuniweb.gbv.de</marc:controlfield>
          <marc:controlfield tag="005">2020-04-11T14:07:47</marc:controlfield>
          <marc:controlfield tag="008">|           ||||||||||||||||||||||</marc:controlfield>
          <marc:datafield tag="245" ind1="1" ind2="0">
            <marc:subfield code="a">Bremsberganlage für Herrn Julius Bergmann von der Juliushütte in Ellrich, 1905</marc:subfield>
          </marc:datafield>
          <marc:datafield tag="710" ind1="2" ind2=" ">
            <marc:subfield code="a">Juliushütte Ellrich</marc:subfield>
            <marc:subfield code="e">AuftraggeberIn</marc:subfield>
          </marc:datafield>
          <marc:datafield tag="655" ind1=" " ind2="7">
            <marc:subfield code="a">Grafik</marc:subfield>
          </marc:datafield>
          <marc:datafield tag="046" ind1=" " ind2=" ">
            <marc:subfield code="k">1905-07-03</marc:subfield>
            <marc:subfield code="k">03.07.1905</marc:subfield>
          </marc:datafield>
          <marc:datafield tag="260" ind1=" " ind2=" ">
            <marc:subfield code="g">1905-07-03</marc:subfield>
            <marc:subfield code="g">03.07.1905</marc:subfield>
          </marc:datafield>
          <marc:datafield tag="520" ind1=" " ind2=" ">
            <marc:subfield code="a">Zeichnung – schwarz-weiß
Herstellungsort – Königshütte, (Bad) Lauterberg

Auftraggeber und Standort:
Julius Bergmann, Juliushütte Ellrich

Information:
Zur Inventarnummer sind 12 Zeichnungen vorhanden.

Anmerkung zur Juliushütte: 
Im Jahre 1884 gründete der Unternehmer Julius Bergmann am Ufer des großen Pontelteichs, unmittelbar zwischen der Stadt Ellrich und dem südlich davon befindlichen Pontelberg, eine Gipsfabrik. Diese Fabrik lag, obwohl in unmittelbarer Nähe zum Ellricher Bahnhof gelegen und mit eigenem Gleisanschluss ausgestattet, auf Walkenrieder Stiftsgebiet. Zwischen der Fabrik und der Stadt Ellrich verlief die braunschweigisch-preussische Landesgrenze. Nach dem Gründer bekam das Werk den Namen Juliushütte und wuchs im späten 19. Jahrhundert zu einer der größten Gipsfabriken Deutschlands heran. Aufgrund der nahen Rohstoffe siedelten sich 1892 weitere Unternehmen nahe der Bergmann'schen Fabrik an, auch eine Wohnsiedlung wurde gegründet. Diese beherbergte zur Blütezeit der Gipsfabrik Juliushütte bis zu 150 Menschen. Die Stadt Ellrich wurde zum bedeutenden Zentrum der Südharzer Gipsindustrie. Mit Erschöpfung der Rohstoffe und beginnender Überkapazitäten in der gesamtdeutschen Gipsgewinnung wurde das Werk Juliushütte auf Beschluss des Verbands der mitteldeutschen Gipswerke im Jahr 1926 gegen Entschädigung geschlossen:
siehe:
Juliushütte -&gt; Wikipedia
https://de.wikipedia.org/wiki/Juliushütte





 (Förderkreis Königshütte Bad Lauterberg e.V.)

Maßstab: 1 zu 50</marc:subfield>
          </marc:datafield>
          <marc:datafield tag="650" ind1="1" ind2=" ">
            <marc:subfield code="a">Aufzug &lt;Fördermittel&gt;</marc:subfield>
          </marc:datafield>
          <marc:datafield tag="650" ind1="1" ind2=" ">
            <marc:subfield code="a">Grafik, Fotografie &gt; Zeichnung</marc:subfield>
          </marc:datafield>
          <marc:datafield tag="650" ind1="1" ind2=" ">
            <marc:subfield code="a">Industrie</marc:subfield>
          </marc:datafield>
          <marc:datafield tag="650" ind1="1" ind2=" ">
            <marc:subfield code="a">Ellrich (Nordhausen, Thüringen)</marc:subfield>
          </marc:datafield>
          <marc:datafield tag="773" ind1="0" ind2=" ">
            <marc:subfield code="t">Antriebe und Transportanlagen</marc:subfield>
          </marc:datafield>
          <marc:datafield tag="852" ind1=" " ind2=" ">
            <marc:subfield code="a">Industriedenkmal Königshütte Bad Lauterberg im Harz</marc:subfield>
          </marc:datafield>
          <marc:datafield tag="" ind1=" " ind2=" ">
            <marc:subfield code="a">Namensnennung - Nicht kommerziell - Keine Bearbeitungen 4.0 International (CC BY-NC-ND 4.0)</marc:subfield>
          </marc:datafield>
        </marc:record>
      </metadata>
    </record>
  </GetRecord>
</OAI-PMH>
